Postaw na milion 116 - Statystyki

Ogólne statystyki
  • Ten quiz został rozwiązany 12 razy
  • Średni wynik to 6 z 12
Statystyki odpowiedzi
Zagadnienie Odpowiedź % Poprawnych
Barwnik, którym od XIX wieku farbowano jeansy, to: indygo
83%
Największy na świecie producent jedwabiu naturalnego to: Chiny
75%
Które z tych państw nie ma na fladze półksiężyca? Irak
75%
Którą z tych ryb zoologowie nazwali żywa skamieliną? latimerię
67%
Według GUS-u największy odsetek Polaków ocenia swój stan zdrowia jako: dobry
50%
W którym państwie nie odnotowano nigdy temperatury ujemnej? Singapur
50%
W Polsce jest więcej ulic o nazwie: Szkolna
50%
Który z seriali miał najwięcej odcinków? Czterdziestolatek
33%
Które z tych miast nigdy nie było gospodarzem Igrzysk Olimpijskich? Madryt
25%
But damski o numerze 38 jest odpowiedni dla kobiet o długości stopy około: 24,4 cm
17%
Najwyżej w rankingu "Gazety Wyborczej" najbardziej wpływowych Polek 2015 roku w kategorii "kultura" znalazła się: Krystyna Janda
17%
Która branża jest wg danych GUS-u najbardziej sfeminizowana? opieka zdrowotna i pomoc społeczna
17%
Nie znaleziono quizów pasujących do podanych kryteriów
Rozkład punktacji
Procent ludzi z każdym wynikiem
Percentyl według liczby udzielonych odpowiedzi
Twoja historia wyników
Nie rozwiązałeś tego quizu